European Countries Most Similar to Non-European Countries - Statistics

General Stats
  • This quiz has been taken 24 times
  • The average score is 23 of 38
Answer Stats
European Country Country Similarity Index Hint % Correct
Netherlands Australia 65.7 Oceania
90%
Ireland New Zealand 74.3 Oceania
90%
Finland Canada 66.4 North America
85%
Poland Chile 64.7 South America
75%
Switzerland New Zealand 64.7 Oceania
75%
United Kingdom New Zealand 76.4 Oceania
70%
Cyprus Georgia 63.4 Europe/Asia
65%
Denmark New Zealand 66.5 Oceania
65%
Belgium Canada 66.8 North America
60%
Sweden Canada 71.2 North America
60%
France Canada 68.3 North America
60%
Luxembourg Canada 66.2 North America
60%
Germany Canada 66.8 North America
60%
Norway Canada 71.2 North America
60%
Spain Chile 73 South America
60%
Austria New Zealand 64.4 Oceania
60%
Iceland New Zealand 66.7 Oceania
60%
Moldova Armenia 70.4 Europe/Asia
55%
Hungary Armenia 65.6 Europe/Asia
55%
Italy Chile 68 South America
55%
Estonia Georgia 63.2 Europe/Asia
55%
Greece Georgia 66 Europe/Asia
55%
Montenegro Georgia 70.1 Europe/Asia
55%
Romania Georgia 69.6 Europe/Asia
55%
Bulgaria Georgia 71.3 Europe/Asia
55%
Slovakia Georgia 66.5 Europe/Asia
55%
Latvia Georgia 63.6 Europe/Asia
55%
Serbia Georgia 69.1 Europe/Asia
55%
Albania Georgia 66.5 Europe/Asia
55%
Slovenia Georgia 65.3 Europe/Asia
55%
Croatia Georgia 67.8 Europe/Asia
55%
Bosnia and Herzegovina Georgia 66.6 Europe/Asia
55%
Lithuania Georgia 64.4 Europe/Asia
55%
Ukraine Georgia 68.6 Europe/Asia
55%
Russia Kazakhstan 70.8 Europe/Asia
55%
Belarus Kazakhstan 70.6 Europe/Asia
55%
Portugal Uruguay 69.4 South America
55%
Czech Republic Uruguay 63.8 South America
55%
No matching quizzes found
Score Distribution
Percent of People with Each Score
Percentile by Number Answered
Your Score History
You have not taken this quiz